[Event "IECC Swiss email"]
[Site "IECC email"]
[Date "2001.02.23"]
[Round "?"]
[White "Van Laar, Jan"]
[Black "Sierra, Pablo"]
[Result "1-0"]
[WhiteElo "1750"]
[BlackElo "1000"]
[PlyCount "69"]
[EventDate "2001.??.??"]
[EventType "tourn (corr)"]
[EventRounds "6"]
[SourceTitle "Corr 2008"]
[Source "ChessBase"]
[SourceDate "2008.06.24"]
[SourceVersion "1"]
[SourceVersionDate "2008.06.24"]
[SourceQuality "1"]

1. e4 e5 2. Nf3 Nc6 3. Nc3 Nf6 4. Bb5 Nd4 5. Nxe5 Qe7 6. f4 Nxb5 7. Nxb5 d6 8. Nf3 Qxe4+ 9. Kf2 Ng4+ 10. Kg1 Qc6 11. a4 Kd8 12. d3 Qb6+ 13. d4 Bd7 14. c4 Be7 15. h3 Nf6 16. Qe2 Re8 17. Ng5 a6 18. a5 Qc6 19. Nxf7+ Kc8 20. Nc3 Bf5 21. g4 Bf8 22. Be3 Qd7 23. Ng5 Be4 24. Rh2 Bg6 25. f5 Bf7 26. d5 h5 27. Ne6 g6 28. g5 Nh7 29. Rg2 gxf5 30. g6 Bxe6 31. gxh7 Qxh7 32. dxe6 Rxe6 33. Qf3 Bg7 34. Nd5 Re8 35. Rf1 1-0